| 000 | 00673nam a22001937a 4500 | ||
|---|---|---|---|
| 005 | 20100726162039.0 | ||
| 010 | _aENG-96897 | ||
| 020 |
_a9789380370132 _c55.00 |
||
| 035 | _aEN-80430 | ||
| 037 | _bDBAD/PUB | ||
| 082 | _a881 | ||
| 100 |
_aGeetha, R. _91576 |
||
| 245 |
_aThematic analysis of E.E. Cummings' poems / _cby R. Geetha |
||
| 260 |
_aErode _bIndiyan Literature Pallavi Pathippagam South India _c2009 |
||
| 270 |
_a194, Kanna Complex, Mettur Road, _bErode _e11 |
||
| 300 |
_a68p. _c21cm, (pbk) |
||
| 942 |
_2ddc _cEN _h881 _mGEE |
||
| 999 |
_c37802 _d37802 |
||